000 00578nam a2200217 a 4500
005 20210219154859.0
008 040708s1995 mx r 000 0 spa d
020 _a8472453480
035 _aUPN01000134070
049 _aCG
050 4 _aR128.6 P2
_bJ8.6 1995
100 1 _aJung, Carl Gustav,
_d1875-1961
245 1 0 _aParacélsica /
_cCarl Gustav Jung.
250 _a2a ed.
260 _aBarcelona, Esp. :
_bKairos,
_c1995.
300 _a126 p.
440 0 _aPsicología
534 _pTraducción de:
_tParacelsica
600 1 4 _aPARACELSO,
_d1493-1541
905 _aLibro
999 _c106221
_d106221